|
|
|
|
| LEADER |
00000nam a2200000 a 4500 |
| 001 |
UCX2686 |
| 003 |
CL-VaPUC |
| 005 |
20220315074410.0 |
| 008 |
910723e19810000fr 1 spa d |
| 082 |
0 |
4 |
|a 305
|b UNE
|2 21
|
| 110 |
2 |
|
|a UNESCO
|e author
|9 616828
|
| 245 |
1 |
0 |
|a Cultura y sociedad en América Latina y el Caribe
|
| 260 |
|
|
|a París
|b UNESCO
|c 1981
|
| 300 |
|
|
|a 183 p
|
| 583 |
|
|
|a last modification
|c 19910723 00:00:00
|k Rodrigo Vera
|
| 650 |
0 |
0 |
|a Política cultural
|9 316492
|
| 650 |
0 |
0 |
|a Congresos
|9 257560
|
| 651 |
|
0 |
|a América Latina
|9 255027
|
| 942 |
|
|
|c BK
|
| 945 |
|
|
|d 19910723 00:00:00
|
| 546 |
|
|
|a En Español
|
| 536 |
|
|
|a UNESCO
|
| 518 |
|
|
|p Conferencia Intergubernamental sobre Políticas Culturales en América Latina y el Caribe, Bogotá, 1978
|
| 999 |
|
|
|c 382135
|d 382133
|
| 952 |
|
|
|0 0
|1 0
|4 0
|6 305_000000000000000_UNE_1981
|7 0
|8 A
|9 503681
|a BIBENE
|b BIBENE
|d 2020-01-23
|i 2883554
|o 305 UNE 1981
|p 2883554
|r 2025-01-15
|w 2020-01-23
|y BK
|k ICO
|
| 952 |
|
|
|0 0
|1 0
|4 0
|6 305_000000000000000_UNE_1981
|7 0
|8 A
|9 503682
|a BIBHIS
|b BIBHIS
|d 2020-01-23
|i 1331981
|l 1
|o 305 UNE 1981
|p 1331981
|r 2025-01-20
|s 2022-07-18
|w 2020-01-23
|y BK
|k HIS
|